| 000 | 01204nam a22002897a 4500 | ||
|---|---|---|---|
| 001 | BD-DhSAU# 14267 | ||
| 003 | BD-DhSAU | ||
| 005 | 20181211154737.0 | ||
| 008 | 150420b2016 bg ||||| m||| 00| 0 eng d | ||
| 040 | _aBD-DhSAU | ||
| 082 |
_2 22 _a580 _bR15 |
||
| 100 |
_aRana , Md. Masud _eRegistration # 10-03788 |
||
| 245 |
_aEffect of application and frequency of Gibberellic acid on growth and yield of Coriander (Coriandrum Sativum L.) /
_bMS thesis _cRana , Md. Masud |
||
| 260 |
_aSher-e-Bangla Agricultural University : _bDepartment of Agricultural Botany, _c2016. |
||
| 300 |
_aviii, 70 p. ; _c30 cm. |
||
| 500 | _aMS thesis of Department of Agricultural Botany, Faculty of Agriculture, Sher-e-Bangla Agricultural University, Dhaka | ||
| 504 | _aIncludes bibliographical reference. | ||
| 590 | _aShofi | ||
| 650 | _aAgricultural Botany | ||
| 650 | _aApplication and frequency | ||
| 650 | _aGibberellic acid | ||
| 650 | _aCoriander (Coriandrum Sativum L.) | ||
| 700 |
_aBhadra , Asim Kumar _eSuperviser |
||
| 700 |
_aMoniruzzaman , Mohd. _eCo-superviser |
||
| 856 |
_uhttp://archive.saulibrary.edu.bd:8080/xmlui/handle/123456789/442 _yOnline Access |
||
| 942 |
_2ddc _cTHESIS |
||
| 999 |
_c14272 _d14271 |
||